[Event "DVM U14 2022"]
[Site "Kelheim GER"]
[Date "2022.12.29"]
[Round "6"]
[White "Melestean, Maxim"]
[Black "Reimann, Marcus"]
[Result "1-0"]
[Termination "normal"]
[Board "10.1"]
[WhiteElo "1315"]
[BlackElo "1326"]
[WhiteClock "01:27:42"]
[BlackClock "00:52:31"]
[WhiteTeam "Schachklub König Plauen"]
[BlackTeam "SK Kelheim 1920"]
[PlyCount "103"]
[WhiteFideId "16280393"]
[BlackFideId "34640312"]
[EventCountry "GER"]
[EventRounds "7"]
[EventType "team-swiss"]
[EventDate "2022.12.26"]

1. d4 {[%clk 01:30:58]} {[%emt 00:00:03]} d5 {[%clk 01:30:55]} {[%emt
00:00:05]} 2. c4 {[%clk 01:31:24]} {[%emt 00:00:08]} e6 {[%clk 01:31:21]}
{[%emt 00:00:02]} 3. Nf3 {[%clk 01:31:43]} {[%emt 00:00:09]} Nf6 {[%clk
01:31:39]} {[%emt 00:00:13]} 4. Bg5 {[%clk 01:32:07]} {[%emt 00:00:04]} Nbd7
{[%clk 01:31:33]} {[%emt 00:00:37]} 5. Nc3 {[%clk 01:32:26]} {[%emt 00:00:12]}
c6 {[%clk 01:31:45]} {[%emt 00:00:18]} 6. e3 {[%clk 01:32:50]} {[%emt
00:00:06]} Be7 {[%clk 01:31:46]} {[%emt 00:00:29]} 7. cxd5 {[%clk 01:33:07]}
{[%emt 00:00:13]} exd5 {[%clk 01:32:07]} {[%emt 00:00:08]} 8. Bd3 {[%clk
01:33:30]} {[%emt 00:00:07]} Qc7 {[%clk 01:30:16]} {[%emt 00:02:21]} 9. O-O
{[%clk 01:33:20]} {[%emt 00:00:40]} O-O {[%clk 01:30:21]} {[%emt 00:00:25]} 10.
Rc1 {[%clk 01:33:27]} {[%emt 00:00:23]} Qb8 {[%clk 01:30:44]} {[%emt 00:00:08]}
11. Qc2 {[%clk 01:32:55]} {[%emt 00:01:01]} h6 {[%clk 01:29:06]} {[%emt
00:02:08]} 12. Bh4 {[%clk 01:33:18]} {[%emt 00:00:06]} Re8 {[%clk 01:29:26]}
{[%emt 00:00:11]} 13. Bg3 {[%clk 01:30:13]} {[%emt 00:03:35]} Bd6 {[%clk
01:28:55]} {[%emt 00:01:01]} 14. Na4 {[%clk 01:30:24]} {[%emt 00:00:20]} Bxg3
{[%clk 01:28:08]} {[%emt 00:01:16]} 15. hxg3 {[%clk 01:30:53]} {[%emt
00:00:02]} Qd6 {[%clk 01:16:24]} {[%emt 00:12:14]} 16. Nc5 {[%clk 01:29:11]}
{[%emt 00:02:11]} Nxc5 {[%clk 01:15:47]} {[%emt 00:01:07]} 17. Qxc5 {[%clk
01:29:39]} {[%emt 00:00:02]} Qxc5 {[%clk 01:16:09]} {[%emt 00:00:08]} 18. Rxc5
{[%clk 01:30:07]} {[%emt 00:00:02]} Ne4 {[%clk 01:13:24]} {[%emt 00:03:14]} 19.
Bxe4 {[%clk 01:29:55]} {[%emt 00:00:43]} Rxe4 {[%clk 01:11:43]} {[%emt
00:02:11]} 20. Nd2 {[%clk 01:30:16]} {[%emt 00:00:09]} Re7 {[%clk 01:11:07]}
{[%emt 00:01:06]} 21. Rfc1 {[%clk 01:30:38]} {[%emt 00:00:08]} Bd7 {[%clk
01:10:06]} {[%emt 00:01:32]} 22. Nb1 {[%clk 01:30:38]} {[%emt 00:00:30]} Rae8
{[%clk 01:09:27]} {[%emt 00:01:08]} 23. b4 {[%clk 01:30:34]} {[%emt 00:00:35]}
a6 {[%clk 01:06:58]} {[%emt 00:02:59]} 24. a4 {[%clk 01:29:20]} {[%emt
00:01:44]} Re6 {[%clk 01:02:37]} {[%emt 00:04:51]} 25. Na3 {[%clk 01:28:59]}
{[%emt 00:00:50]} f5 {[%clk 00:55:52]} {[%emt 00:07:15]} 26. b5 {[%clk
01:29:03]} {[%emt 00:00:26]} axb5 {[%clk 00:56:00]} {[%emt 00:00:22]} 27. axb5
{[%clk 01:29:17]} {[%emt 00:00:16]} Ra8 {[%clk 00:55:47]} {[%emt 00:00:43]} 28.
bxc6 {[%clk 01:26:11]} {[%emt 00:03:36]} bxc6 {[%clk 00:56:05]} {[%emt
00:00:13]} 29. Nc2 {[%clk 01:26:34]} {[%emt 00:00:06]} Kh7 {[%clk 00:54:11]}
{[%emt 00:02:24]} 30. Nb4 {[%clk 01:26:12]} {[%emt 00:00:52]} Rc8 {[%clk
00:53:39]} {[%emt 00:01:02]} 31. Nxd5 {[%clk 01:25:40]} {[%emt 00:01:02]} cxd5
{[%clk 00:52:46]} {[%emt 00:01:23]} 32. Rxc8 {[%clk 01:26:00]} {[%emt
00:00:10]} Bxc8 {[%clk 00:53:10]} {[%emt 00:00:06]} 33. Rxc8 {[%clk 01:26:28]}
{[%emt 00:00:01]} Rd6 {[%clk 00:53:21]} {[%emt 00:00:19]} 34. Kf1 {[%clk
01:26:27]} {[%emt 00:00:31]} Kg6 {[%clk 00:53:45]} {[%emt 00:00:06]} 35. Ke2
{[%clk 01:26:43]} {[%emt 00:00:14]} Kf6 {[%clk 00:53:24]} {[%emt 00:00:51]} 36.
Kf3 {[%clk 01:27:05]} {[%emt 00:00:08]} h5 {[%clk 00:53:12]} {[%emt 00:00:42]}
37. Rf8 {[%clk 01:26:59]} {[%emt 00:00:36]} Kg6 {[%clk 00:52:32]} {[%emt
00:01:10]} 38. Kf4 {[%clk 01:27:06]} {[%emt 00:00:23]} Rf6 {[%clk 00:52:19]}
{[%emt 00:00:42]} 39. Rd8 {[%clk 01:27:20]} {[%emt 00:00:16]} Re6 {[%clk
00:52:32]} {[%emt 00:00:18]} 40. Rxd5 {[%clk 01:27:32]} {[%emt 00:00:18]} Re4
{[%clk 00:52:58]} {[%emt 00:00:04]} 41. Kf3 {[%clk 01:27:50]} {[%emt 00:00:11]}
Kf6 {[%clk 00:52:44]} {[%emt 00:00:45]} 42. Rd6 {[%clk 01:26:58]} {[%emt
00:01:23]} Kg5 {[%clk 00:52:40]} {[%emt 00:00:33]} 43. Ke2 {[%clk 01:26:33]}
{[%emt 00:00:55]} g6 {[%clk 00:52:55]} {[%emt 00:00:15]} 44. Kd3 {[%clk
01:25:52]} {[%emt 00:01:11]} Re7 {[%clk 00:52:56]} {[%emt 00:00:29]} 45. d5
{[%clk 01:25:52]} {[%emt 00:00:29]} Kh6 {[%clk 00:53:14]} {[%emt 00:00:12]} 46.
Re6 {[%clk 01:26:08]} {[%emt 00:00:15]} Rxe6 {[%clk 00:51:04]} {[%emt
00:02:40]} 47. dxe6 {[%clk 01:26:30]} {[%emt 00:00:07]} Kg7 {[%clk 00:51:30]}
{[%emt 00:00:04]} 48. Kd4 {[%clk 01:26:50]} {[%emt 00:00:11]} Kf6 {[%clk
00:51:29]} {[%emt 00:00:32]} 49. Kd5 {[%clk 01:26:57]} {[%emt 00:00:23]} Ke7
{[%clk 00:51:54]} {[%emt 00:00:04]} 50. Ke5 {[%clk 01:27:22]} {[%emt 00:00:05]}
g5 {[%clk 00:52:03]} {[%emt 00:00:21]} 51. Kxf5 {[%clk 01:27:37]} {[%emt
00:00:15]} g4 {[%clk 00:52:31]} {[%emt 00:00:02]} 52. f3 {[%clk 01:27:42]}
{[%emt 00:00:25]} 1-0

[Event "DVM U14 2022"]
[Site "Kelheim GER"]
[Date "2022.12.29"]
[Round "6"]
[White "Weinberger, Maxim"]
[Black "Akladius, Kyrillus"]
[Result "0-1"]
[Termination "normal"]
[Board "10.2"]
[WhiteElo "1148"]
[BlackElo "1245"]
[WhiteClock "00:49:33"]
[BlackClock "00:15:00"]
[WhiteTeam "SK Kelheim 1920"]
[BlackTeam "Schachklub König Plauen"]
[PlyCount "72"]
[WhiteFideId "16290330"]
[BlackFideId "16267036"]
[EventCountry "GER"]
[EventRounds "7"]
[EventType "team-swiss"]
[EventDate "2022.12.26"]

1. e4 {[%clk 01:30:59]} {[%emt 00:00:02]} c5 {[%clk 01:30:55]} {[%emt
00:00:03]} 2. c3 {[%clk 01:31:09]} {[%emt 00:00:21]} d5 {[%clk 01:31:20]}
{[%emt 00:00:06]} 3. e5 {[%clk 01:28:25]} {[%emt 00:03:12]} Nc6 {[%clk
01:31:32]} {[%emt 00:00:18]} 4. d4 {[%clk 01:27:15]} {[%emt 00:01:40]} e6
{[%clk 01:30:33]} {[%emt 00:01:29]} 5. Nf3 {[%clk 01:27:19]} {[%emt 00:00:27]}
cxd4 {[%clk 01:27:14]} {[%emt 00:03:49]} 6. cxd4 {[%clk 01:25:05]} {[%emt
00:02:43]} Qb6 {[%clk 01:26:06]} {[%emt 00:01:37]} 7. a3 {[%clk 01:20:50]}
{[%emt 00:04:47]} Na5 {[%clk 01:09:30]} {[%emt 00:17:05]} 8. b4 {[%clk
01:12:59]} {[%emt 00:08:21]} Nc4 {[%clk 01:08:29]} {[%emt 00:01:31]} 9. Bxc4
{[%clk 01:11:21]} {[%emt 00:02:09]} dxc4 {[%clk 01:08:35]} {[%emt 00:00:24]}
10. O-O {[%clk 01:11:19]} {[%emt 00:00:31]} Ne7 {[%clk 01:07:53]} {[%emt
00:01:12]} 11. Be3 {[%clk 01:10:33]} {[%emt 00:01:17]} Nd5 {[%clk 01:07:55]}
{[%emt 00:00:27]} 12. Nbd2 {[%clk 01:09:34]} {[%emt 00:01:29]} Qc6 {[%clk
01:04:35]} {[%emt 00:03:49]} 13. Qc2 {[%clk 01:05:58]} {[%emt 00:04:08]} b5
{[%clk 01:03:06]} {[%emt 00:01:59]} 14. Nb3 {[%clk 01:03:33]} {[%emt 00:02:55]}
Bb7 {[%clk 00:59:53]} {[%emt 00:03:42]} 15. Na5 {[%clk 01:02:08]} {[%emt
00:01:55]} Qc7 {[%clk 00:59:31]} {[%emt 00:00:52]} 16. Nxb7 {[%clk 01:01:49]}
{[%emt 00:00:50]} Qxb7 {[%clk 00:58:59]} {[%emt 00:01:02]} 17. Rfb1 {[%clk
01:01:23]} {[%emt 00:00:56]} Be7 {[%clk 00:56:33]} {[%emt 00:02:55]} 18. Bg5
{[%clk 00:58:11]} {[%emt 00:03:41]} h6 {[%clk 00:47:43]} {[%emt 00:09:20]} 19.
Bxe7 {[%clk 00:58:17]} {[%emt 00:00:25]} Nxe7 {[%clk 00:45:36]} {[%emt
00:02:37]} 20. a4 {[%clk 00:57:52]} {[%emt 00:00:55]} a6 {[%clk 00:44:18]}
{[%emt 00:01:48]} 21. a5 {[%clk 00:58:12]} {[%emt 00:00:10]} Nc6 {[%clk
00:40:59]} {[%emt 00:03:49]} 22. Qc3 {[%clk 00:57:45]} {[%emt 00:00:56]} Rd8
{[%clk 00:37:30]} {[%emt 00:04:00]} 23. Rd1 {[%clk 00:57:34]} {[%emt 00:00:41]}
Rd5 {[%clk 00:36:20]} {[%emt 00:01:39]} 24. Rd2 {[%clk 00:57:40]} {[%emt
00:00:26]} Qd7 {[%clk 00:33:47]} {[%emt 00:03:02]} 25. Rad1 {[%clk 00:57:05]}
{[%emt 00:01:05]} O-O {[%clk 00:30:06]} {[%emt 00:04:10]} 26. Ne1 {[%clk
00:56:26]} {[%emt 00:01:10]} Rd8 {[%clk 00:28:33]} {[%emt 00:02:03]} 27. Nc2
{[%clk 00:55:59]} {[%emt 00:00:57]} Nxe5 {[%clk 00:24:21]} {[%emt 00:04:42]}
28. Ne3 {[%clk 00:55:06]} {[%emt 00:01:23]} Rd6 {[%clk 00:23:01]} {[%emt
00:01:50]} 29. d5 {[%clk 00:55:18]} {[%emt 00:00:19]} Nd3 {[%clk 00:20:31]}
{[%emt 00:02:59]} 30. dxe6 {[%clk 00:51:47]} {[%emt 00:04:01]} Qxe6 {[%clk
00:19:53]} {[%emt 00:01:08]} 31. Nf1 {[%clk 00:50:23]} {[%emt 00:01:53]} Nf4
{[%clk 00:16:22]} {[%emt 00:04:01]} 32. Ng3 {[%clk 00:50:03]} {[%emt 00:00:51]}
Rxd2 {[%clk 00:16:17]} {[%emt 00:00:35]} 33. Rf1 {[%clk 00:49:22]} {[%emt
00:01:10]} R8d3 {[%clk 00:15:16]} {[%emt 00:01:32]} 34. Qc1 {[%clk 00:49:10]}
{[%emt 00:00:40]} Rxg3 {[%clk 00:15:04]} {[%emt 00:00:43]} 35. Qxd2 {[%clk
00:49:09]} {[%emt 00:00:32]} Rxg2 {[%clk 00:14:37]} {[%emt 00:00:57]} 36. Kh1
{[%clk 00:49:33]} {[%emt 00:00:06]} Rxh2 {[%clk 00:15:00]} {[%emt 00:00:07]}
0-1

[Event "DVM U14 2022"]
[Site "Kelheim GER"]
[Date "2022.12.29"]
[Round "6"]
[White "Rühmer, Nico"]
[Black "Dauerer, Leonhard"]
[Result "1/2-1/2"]
[Termination "normal"]
[Board "10.3"]
[WhiteElo "1391"]
[BlackElo "1069"]
[WhiteClock "01:02:56"]
[BlackClock "01:16:12"]
[WhiteTeam "Schachklub König Plauen"]
[BlackTeam "SK Kelheim 1920"]
[PlyCount "46"]
[WhiteFideId "34640339"]
[BlackFideId "34640223"]
[EventCountry "GER"]
[EventRounds "7"]
[EventType "team-swiss"]
[EventDate "2022.12.26"]

1. e4 {[%clk 01:30:58]} {[%emt 00:00:03]} e5 {[%clk 01:30:55]} {[%emt
00:00:04]} 2. Nf3 {[%clk 01:31:14]} {[%emt 00:00:14]} Nc6 {[%clk 01:31:14]}
{[%emt 00:00:11]} 3. Bc4 {[%clk 01:31:36]} {[%emt 00:00:07]} Nf6 {[%clk
01:31:22]} {[%emt 00:00:23]} 4. Ng5 {[%clk 01:31:11]} {[%emt 00:00:54]} d5
{[%clk 01:31:41]} {[%emt 00:00:12]} 5. exd5 {[%clk 01:31:29]} {[%emt 00:00:12]}
Na5 {[%clk 01:32:02]} {[%emt 00:00:09]} 6. Bb5 {[%clk 01:31:37]} {[%emt
00:00:22]} c6 {[%clk 01:32:14]} {[%emt 00:00:18]} 7. dxc6 {[%clk 01:31:55]}
{[%emt 00:00:12]} bxc6 {[%clk 01:32:35]} {[%emt 00:00:08]} 8. Be2 {[%clk
01:31:45]} {[%emt 00:00:40]} h6 {[%clk 01:32:51]} {[%emt 00:00:14]} 9. Nf3
{[%clk 01:31:51]} {[%emt 00:00:24]} e4 {[%clk 01:33:13]} {[%emt 00:00:08]} 10.
Ne5 {[%clk 01:31:40]} {[%emt 00:00:41]} Bd6 {[%clk 01:33:30]} {[%emt 00:00:14]}
11. f4 {[%clk 01:29:52]} {[%emt 00:02:17]} exf3 {[%clk 01:33:20]} {[%emt
00:00:41]} 12. Nxf3 {[%clk 01:29:52]} {[%emt 00:00:30]} O-O {[%clk 01:33:39]}
{[%emt 00:00:11]} 13. O-O {[%clk 01:29:12]} {[%emt 00:01:09]} Bg4 {[%clk
01:32:46]} {[%emt 00:01:23]} 14. d4 {[%clk 01:26:12]} {[%emt 00:03:30]} Qc7
{[%clk 01:32:50]} {[%emt 00:00:26]} 15. Ne5 {[%clk 01:22:18]} {[%emt 00:04:24]}
Bxe2 {[%clk 01:32:00]} {[%emt 00:01:21]} 16. Qxe2 {[%clk 01:22:31]} {[%emt
00:00:17]} Rfe8 {[%clk 01:31:50]} {[%emt 00:00:40]} 17. Bf4 {[%clk 01:21:14]}
{[%emt 00:01:46]} Nd7 {[%clk 01:31:28]} {[%emt 00:00:52]} 18. Qf3 {[%clk
01:14:14]} {[%emt 00:07:30]} Nxe5 {[%clk 01:30:35]} {[%emt 00:01:24]} 19. Bxe5
{[%clk 01:13:47]} {[%emt 00:00:56]} Bxe5 {[%clk 01:30:56]} {[%emt 00:00:09]}
20. dxe5 {[%clk 01:14:08]} {[%emt 00:00:09]} Rxe5 {[%clk 01:30:02]} {[%emt
00:01:24]} 21. Nc3 {[%clk 01:11:46]} {[%emt 00:02:52]} Rf8 {[%clk 01:29:25]}
{[%emt 00:01:08]} 22. Rad1 {[%clk 01:09:01]} {[%emt 00:03:15]} Qb6 {[%clk
01:29:37]} {[%emt 00:00:18]} 23. Rf2 {[%clk 01:02:56]} {[%emt 00:06:34]} Qxb2
{[%clk 01:16:12]} {[%emt 00:13:55]} 1/2-1/2